000 01225nam0a22002771 4500
001 rc\4593941
005 20260406171745.0
021 _aRU
_b[66-13445]
035 _a(NLR Aleph) 008663036
090 _a9073296
_c9073296
100 _a20130416d1965 |||y0rusy50 ca
101 0 _arus
102 _aRU
105 _aa z |||||
200 1 _aМетодическое письмо по применению новых физических и электрофизиологических методов диагностики и лечения в акушерстве
_fМ-во здравоохранения Груз. ССР. Науч.-исслед. ин-т акушерства и гинекологии
210 _aТбилиси
_cБ. и.
_d1965
215 _a17 с.
_cил.
_d22
300 _aНа обороте тит. л. сост.: К.В. Чачава
606 _aАкушерство
_2psbo
702 1 _aЧачава
_bК.В.
_gКонстантин Владимирович
_4220
712 0 2 _aНИИ акушерства и гинекологии
_cТбилиси
_3RU\NLR\AUTH\889939236
_9373348
801 0 _aRU
_bNLR
_gpsbo
801 1 _aRU
_bELAR
_2rusmarc
852 _aNLR
_j66-6/2342
942 _cBOOK
980 _aNB